000 00273nam a2200121Ia 4500
999 _c14130
_d14130
008 260210s9999 xx 000 0 und d
020 _a9789881470416
082 _a686.224
100 _aSend Points
245 0 _aIt'S My Type
260 _bSend Points
942 _cBDES
_2ddc